Ledolam (Record no. 8669)

MARC details
000 -LEADER
fixed length control field 00493cam a2200205ua 4500
001 - CONTROL NUMBER
control field 9657
005 - DATE AND TIME OF LATEST TRANSACTION
control field 20260515114515.0
008 - FIXED-LENGTH DATA ELEMENTS--GENERAL INFORMATION
fixed length control field 160314n ii |||gr||||Z||||||asm
020 ## - INTERNATIONAL STANDARD BOOK NUMBER
International Standard Book Number 9789381710487
040 ## - CATALOGING SOURCE
Transcribing agency MAIN
041 ## - LANGUAGE CODE
Language code of text/sound track or separate title asm
082 ## - DEWEY DECIMAL CLASSIFICATION NUMBER
Classification number 891.4513
100 ## - MAIN ENTRY--PERSONAL NAME
Personal name Borgohain, Juri Borah,
Relator term Author.
245 1# - TITLE STATEMENT
Title Ledolam
Statement of responsibility, etc. by Juri Borah Borgohain
250 ## - EDITION STATEMENT
Edition statement 2nd ed.
260 ## - PUBLICATION, DISTRIBUTION, ETC.
Place of publication, distribution, etc. Guwahati:
Name of publisher, distributor, etc. Banphool prakashan,
Date of publication, distribution, etc. 2015.
300 ## - PHYSICAL DESCRIPTION
Extent 511p.
653 ## - INDEX TERM--UNCONTROLLED
Uncontrolled term Assamese novel
942 ## - ADDED ENTRY ELEMENTS (KOHA)
Koha item type Books
Holdings
Withdrawn status Lost status Damaged status Not for loan Home library Current library Shelving location Date acquired Total checkouts Full call number Barcode Date last seen Date last checked out Copy number Price effective from Koha item type
        Naharkatiya College Library Naharkatiya College Library General stacks 09/19/2020 4 891.4513 | BOR 23114 07/08/2024 05/25/2024 1 09/19/2020 Books